Анатолий Петров: человек, руководитель, ученый. Книга воспоминаний

Podrobná bibliografie
Další autoři: Миленина З. Г. (редактор)
Shrnutí:Книга воспоминаний о крупном государственном деятеле в области угольной промышленности и горной науки, посвятившего всю свою жизнь Кузбассу - А.И. Петрове. В издание включены воспоминания товарищей по работе и научному цеху А.И. Петрова. Книга адресована широкому кругу читателей.
Jazyk:ruština
Vydáno: Новосибирск, Сибирские огни, 2002
Edice:Большие судьбы Сибири
Témata:
Médium: MixedMaterials Kniha
KOHA link:https://koha.lib.tpu.ru/cgi-bin/koha/opac-detail.pl?biblionumber=673224

MARC

LEADER 00000nam0a2200000 4500
001 673224
005 20241030173218.0
090 |a 673224 
100 |a 20240620d2002 m||y0rusy50 ca 
101 0 |a rus 
102 |a RU 
105 |a a z 001yb 
181 0 |a i   |b  e  
182 0 |a n 
183 0 |a nc  |2 RDAcarrier 
200 1 |a Анатолий Петров: человек, руководитель, ученый. Книга воспоминаний  |f под ред. З. Г. Милениной 
203 |a Текст  |b визуальный  |c непосредственный 
210 |a Новосибирск  |c Сибирские огни  |d 2002 
215 |a 216 с.  |c ил. 
225 1 |a Большие судьбы Сибири 
283 |a volume  |2 RDAcarrier 
316 |5 63413507: КР-7877  |a На титульном листе дарственная надпись: "Виктору Григорьевичу [Лукьянову] от семьи Петровых на память о бывшем выпускнике ТПИ 1956 г. Петрове А. И. 29.11.08 г." 
317 |5 63413507: КР-7877  |a Поступил в НТБ в 2023 г. в составе книжного собрания профессора В. Г. Лукьянова 
320 |a Хронология жизни: с. 197-202 
320 |a Список научных статей и публикаций: с.203-211 
320 |a книги-монографии: с. 211 
330 |a Книга воспоминаний о крупном государственном деятеле в области угольной промышленности и горной науки, посвятившего всю свою жизнь Кузбассу - А.И. Петрове. В издание включены воспоминания товарищей по работе и научному цеху А.И. Петрова. Книга адресована широкому кругу читателей. 
600 1 |a Петров  |b А. И.  |c горный инженер  |c выпускник ГФ Томского политехнического института 1956 г.  |f 1934-1990  |g Анатолий Иванович  |9 8496 
606 1 |a Горные инженеры  |x Персоналии  |9 88456 
610 1 |a угольная промышленность 
610 1 |a Кузбасс 
610 1 |a воспоминания 
610 1 |a биографии 
610 1 |a Библиотека В. Г. Лукьянова 
610 1 |a дарственная надпись 
675 |a 622(092)  |v 4 
702 |4 340  |a Миленина  |b З. Г. 
801 0 |a RU  |b 63413507  |c 20240620 
942 |c BK